000 00439nam a2200181Ia 4500
001 21494
005 20260306172923.0
008 260306t2007||||xx |||||||||||||| ||spa||
041 _aESP
082 _a345.1C4
_bC73
100 _aRevilla Llaza, Percy (Ed.)
_eAUT
245 0 _aCódigo de procedimientos penales
260 _c2007
300 _a398 páginas :
_c24 cm.
650 _aGEN
654 _aCDE
942 _cLIB
_dJUS
_fJUS
_2ddc
_n
999 _c21494
_d21494